[Event "Ricany op"]
[Site "Ricany"]
[Date "2023.09.01"]
[Round "8"]
[White "Stufka, Karel"]
[Black "Salac, Jiri"]
[Result "1/2-1/2"]
[WhiteElo "1730"]
[BlackElo "1885"]
[PlyCount "37"]
[EventDate "2023.08.26"]
[EventType "swiss"]
[EventRounds "9"]
[EventCountry "CZE"]
[SourceTitle "EXT 2024"]
[Source "ChessBase"]
[SourceDate "2023.10.10"]
[SourceVersion "1"]
[SourceVersionDate "2023.10.10"]
[SourceQuality "1"]

1. d4 d5 2. Nf3 Nf6 3. c4 c6 4. cxd5 cxd5 5. Nc3 Nc6 6. Bf4 a6 7. a3 h6 8. e3 Bf5 9. Bd3 Bxd3 10. Qxd3 e6 11. 0-0 Be7 12. Rfc1 0-0 13. h3 Rc8 14. b4 b5 15. Ne2 Nd7 16. Nd2 Nb6 17. Nb3 Nc4 18. Nc5 Bxc5 19. dxc5 1/2-1/2

[Event "Prague Golden 65+ op 17th"]
[Site "Prague"]
[Date "2022.07.13"]
[Round "5"]
[White "Salac, Jiri"]
[Black "Pokorna, Jana"]
[Result "1/2-1/2"]
[WhiteElo "1903"]
[BlackElo "1833"]
[PlyCount "70"]
[EventDate "2022.07.09"]
[EventType "swiss"]
[EventRounds "9"]
[EventCountry "CZE"]
[SourceTitle "CBM 209 Extra"]
[Source "ChessBase"]
[SourceDate "2022.09.30"]
[SourceVersion "1"]
[SourceVersionDate "2022.09.30"]
[SourceQuality "1"]

1. d4 Nf6 2. Bf4 d5 3. e3 e6 4. Nd2 Bd6 5. Bg3 Bxg3 6. hxg3 Qd6 7. f4 b6 8. c3 Bb7 9. Bd3 Nbd7 10. Qe2 0-0-0 11. b4 g5 12. Nh3 gxf4 13. gxf4 h6 14. a4 Ne4 15. Nxe4 dxe4 16. Ba6 Qc6 17. Bxb7+ Kxb7 18. c4 Qd6 19. c5 bxc5 20. bxc5 Qc6 21. 0-0 f5 22. Qb5+ Qxb5 23. axb5 Nf6 24. Ra6 Nd5 25. Rfa1 Ra8 26. Rxe6 Nxe3 27. Raa6 Rag8 28. Rg6 Rd8 29. Ra4 Rhg8 30. Rga6 Ra8 31. Kf2 Ng4+ 32. Ke2 Nh2 33. Rxh6 Rxg2+ 34. Kd1 e3 35. Re6 Ng4 1/2-1/2

[Event "Prague Golden 65+ op 17th"]
[Site "Prague"]
[Date "2022.07.12"]
[Round "4"]
[White "Vit, Zdenek"]
[Black "Salac, Jiri"]
[Result "1-0"]
[WhiteElo "1694"]
[BlackElo "1903"]
[PlyCount "114"]
[EventDate "2022.07.09"]
[EventType "swiss"]
[EventRounds "9"]
[EventCountry "CZE"]
[SourceTitle "CBM 209 Extra"]
[Source "ChessBase"]
[SourceDate "2022.09.30"]
[SourceVersion "1"]
[SourceVersionDate "2022.09.30"]
[SourceQuality "1"]

1. e4 c5 2. Nf3 d6 3. d4 cxd4 4. Nxd4 Nf6 5. Nc3 a6 6. Be2 e5 7. Nb3 Be7 8. Be3 Be6 9. 0-0 0-0 10. f4 Qc7 11. f5 Bc4 12. g4 Bxe2 13. Qxe2 d5 14. exd5 Bb4 15. g5 Bxc3 16. gxf6 Bxb2 17. Rab1 Bc3 18. Qg2 g6 19. Bc5 Bd4+ 20. Bxd4 exd4 21. Kh1 Rd8 22. Nxd4 Qe5 23. fxg6 hxg6 24. Nf5 Nd7 25. Ne7+ Kf8 26. Rxb7 Nc5 27. Nc6 Qxd5 28. Nxd8 Qxg2+ 29. Kxg2 Nxb7 30. Nxb7 Rc8 31. Rf2 Rc6 32. Na5 Rc3 33. Nb3 Kg8 34. Nd4 Kh7 35. Rf3 Rc4 36. Rh3+ Kg8 37. Rd3 Kh7 38. Kf3 g5 39. Ke4 Kg6 40. Ra3 Kxf6 41. Rxa6+ Kg7 42. Kd5 Rc3 43. Nf5+ Kh7 44. a4 Rxc2 45. Rh6+ Kg8 46. a5 Ra2 47. a6 Ra5+ 48. Ke4 Ra3 49. h3 Ra4+ 50. Nd4 Kg7 51. Rd6 Ra3 52. Nb5 Rxh3 53. a7 Rh4+ 54. Kf5 Ra4 55. Kxg5 Ra5 56. Rb6 f6+ 57. Kf5 Ra6 1-0

[Event "Prague Macek Memorial 2nd"]
[Site "Prague"]
[Date "2021.07.12"]
[Round "3"]
[White "Pribyl, Josef"]
[Black "Salac, Jiri"]
[Result "1-0"]
[WhiteElo "2222"]
[BlackElo "1935"]
[PlyCount "81"]
[EventDate "2021.07.10"]
[EventType "tourn"]
[EventRounds "9"]
[EventCountry "CZE"]
[SourceTitle "EXT 2022"]
[Source "ChessBase"]
[SourceDate "2021.10.06"]
[SourceVersion "1"]
[SourceVersionDate "2021.10.06"]
[SourceQuality "1"]

1. e4 c5 2. Nf3 d6 3. Bb5+ Nc6 4. 0-0 Bd7 5. d4 cxd4 6. Nxd4 Nf6 7. Nc3 a6 8. Nxc6 Bxc6 9. Bxc6+ bxc6 10. Bg5 e6 11. Qf3 Be7 12. e5 Nd5 13. Bxe7 Qxe7 14. exd6 Qxd6 15. Ne4 Qc7 16. c4 Ne7 17. Rfd1 0-0 18. Rd3 Rfd8 19. Rad1 h6 20. g3 Rxd3 21. Qxd3 Kf8 22. Nc5 Nf5 23. a3 a5 24. g4 Nh4 25. b3 Qf4 26. Qd6+ Qxd6 27. Rxd6 Rc8 28. Kf1 Nf3 29. Kg2 Ne5 30. Kg3 Ke7 31. Rd1 Rc7 32. f4 Nd7 33. Nxd7 Rxd7 34. Rxd7+ Kxd7 35. b4 axb4 36. axb4 f6 37. h4 Kd6 38. Kf3 g6 39. Ke3 c5 40. b5 f5 41. h5 1-0

[Event "Ricany op-A"]
[Site "Ricany"]
[Date "2018.08.30"]
[Round "7"]
[White "Lhotsky, Frantisek"]
[Black "Salac, Jiri"]
[Result "1/2-1/2"]
[WhiteElo "1807"]
[BlackElo "1939"]
[PlyCount "83"]
[EventDate "2018.08.25"]
[EventType "swiss"]
[EventRounds "9"]
[EventCountry "CZE"]
[SourceTitle "EXT 2019"]
[Source "ChessBase"]
[SourceDate "2018.10.10"]
[SourceVersion "1"]
[SourceVersionDate "2018.10.10"]
[SourceQuality "1"]

1. d4 d5 2. c4 c6 3. Nf3 Nf6 4. Nc3 e6 5. e3 Be7 6. Bd3 dxc4 7. Bxc4 b5 8. Bd3 Bb7 9. 0-0 a6 10. a3 c5 11. dxc5 Bxc5 12. b4 Be7 13. Bb2 0-0 14. Rc1 Nbd7 15. Bb1 Nb6 16. Qc2 Qc7 17. Ng5 Qc6 18. f3 g6 19. Qf2 Qe8 20. Be4 Nxe4 21. Ncxe4 Bxe4 22. Nxe4 f5 23. Nc5 Bf6 24. Bxf6 Rxf6 25. Rfd1 Nc4 26. Qh4 Rf7 27. Rc3 e5 28. Nxa6 Qe7 29. Qxe7 Rxe7 30. a4 Nb2 31. Rb1 Nxa4 32. Rc6 Rd7 33. Nc5 Nxc5 34. Rxc5 Rd2 35. Kh1 Raa2 36. Rg1 Re2 37. Rxe5 Rab2 38. Rxb5 Rxe3 39. Rb7 Reb3 40. h3 Rxb4 41. Ra7 Rb7 42. Rxb7 1/2-1/2

[Event "Prague Golden op 14th"]
[Site "Prague"]
[Date "2018.07.06"]
[Round "7"]
[White "Koper, Stefan"]
[Black "Salac, Jiri"]
[Result "1/2-1/2"]
[WhiteElo "1841"]
[BlackElo "2007"]
[PlyCount "136"]
[EventDate "2018.06.30"]
[EventType "swiss"]
[EventRounds "9"]
[EventCountry "CZE"]
[SourceTitle "CBM 185 Extra"]
[Source "ChessBase"]
[SourceDate "2018.07.29"]
[SourceVersion "1"]
[SourceVersionDate "2018.07.29"]
[SourceQuality "1"]

1. d4 d5 2. c4 e6 3. cxd5 exd5 4. Nc3 Nf6 5. Bg5 Be7 6. e3 c6 7. Nf3 Nbd7 8. Bd3 0-0 9. 0-0 Re8 10. b4 h6 11. Bxf6 Bxf6 12. Rb1 a6 13. Na4 b5 14. Nc5 Nb6 15. Nd2 a5 16. a4 bxa4 17. b5 Nd7 18. Nxa4 Bb7 19. Nb3 cxb5 20. Bxb5 Ba6 21. Bxd7 Qxd7 22. Nbc5 Qd8 23. Nxa6 Rxa6 24. Rb5 Be7 25. Qb3 Bb4 26. Qxd5 Rd6 27. Qc4 Qd7 28. Nc5 Qc6 29. Rb7 Rf6 30. Qb5 Bxc5 31. dxc5 Qxb5 32. Rxb5 Ra8 33. Ra1 a4 34. Ra3 Rc6 35. Kf1 Rac8 36. Rxa4 Rxc5 37. Rxc5 Rxc5 38. Ke2 h5 39. h4 g6 40. Kf3 Kg7 41. Kg3 Rb5 42. e4 Rc5 43. Rd4 Kf6 44. f3 Rc2 45. Rd5 Ke6 46. Rg5 Rc4 47. Kf4 Ra4 48. Rb5 Kf6 49. g3 Ra3 50. Rb7 Ra4 51. g4 hxg4 52. Kxg4 Ra1 53. Kf4 Rh1 54. e5+ Ke6 55. Rb6+ Ke7 56. Kg3 Re1 57. f4 Rh1 58. Rf6 Rg1+ 59. Kh2 Ra1 60. h5 gxh5 61. Rh6 Rf1 62. Kg3 Rh1 63. Kg2 Rh4 64. Kf3 Rh1 65. Ke4 h4 66. Kf5 h3 67. Rh7 h2 68. e6 Ra1 1/2-1/2

[Event "Prague Prucha Memorial"]
[Site "Prague"]
[Date "2017.07.01"]
[Round "1"]
[White "Chudinovskikh, Alexander M"]
[Black "Salac, Jiri"]
[Result "1-0"]
[WhiteElo "2238"]
[BlackElo "2084"]
[PlyCount "39"]
[EventDate "2017.07.01"]
[EventType "tourn"]
[EventRounds "9"]
[EventCountry "CZE"]
[SourceTitle "CBM 179 Extra"]
[Source "ChessBase"]
[SourceDate "2017.08.23"]
[SourceVersion "1"]
[SourceVersionDate "2017.08.23"]
[SourceQuality "1"]

1. d4 d5 2. Bf4 c5 3. e3 Qb6 4. Nc3 e6 5. Nb5 Na6 6. Nf3 c4 7. a4 Bd7 8. Be2 Nf6 9. 0-0 Bxb5 10. axb5 Qxb5 11. b3 Qc6 12. Ne5 Qc8 13. bxc4 Nc7 14. c3 Be7 15. Qa4+ b5 16. cxb5 0-0 17. Nc6 Qd7 18. Bxc7 Qxc7 19. b6 Qd7 20. Rfb1 1-0

[Event "CZE-chT2A 1617"]
[Site "Czech Republic"]
[Date "2017.02.26"]
[Round "9.5"]
[White "Salac, Jiri"]
[Black "Parizek, Vojtech"]
[Result "1/2-1/2"]
[WhiteElo "2082"]
[BlackElo "2144"]
[PlyCount "99"]
[EventDate "2016.10.09"]
[EventType "team-tourn"]
[EventRounds "11"]
[EventCountry "CZE"]
[SourceTitle "EXT 2022"]
[Source "ChessBase"]
[SourceDate "2021.10.06"]
[SourceVersion "1"]
[SourceVersionDate "2021.10.06"]
[SourceQuality "1"]
[WhiteTeam "Pankrac II"]
[BlackTeam "Praha Kobylisy"]
[WhiteTeamCountry "CZE"]
[BlackTeamCountry "CZE"]

1. d4 Nf6 2. Bf4 g6 3. Qd2 Bg7 4. Nc3 d5 5. Rd1 0-0 6. Bh6 b6 7. Nf3 e6 8. g3 c5 9. Bxg7 Kxg7 10. Bg2 Nc6 11. 0-0 cxd4 12. Nxd4 Bb7 13. Nxc6 Bxc6 14. e4 dxe4 15. Qe2 Qe7 16. Nxe4 Nxe4 17. Bxe4 Bxe4 18. Qxe4 Rfd8 19. Rd4 Rxd4 20. Qxd4+ Qf6 21. Rd1 Qxd4 22. Rxd4 Rc8 23. c3 Rc7 24. a4 Kf6 25. Kf1 e5 26. Rb4 Rc5 27. Ke2 Ke6 28. Kd3 Rd5+ 29. Ke2 f5 30. f3 Kd6 31. Rh4 h5 32. g4 hxg4 33. fxg4 Ke6 34. gxf5+ Kxf5 35. Rh7 Ra5 36. b3 e4 37. Ke3 Rd5 38. Rf7+ Ke6 39. Rxa7 Rd3+ 40. Kxe4 Rxc3 41. Ra6 Rxb3 42. a5 Rb4+ 43. Kd3 Kd7 44. Rxb6 Rh4 45. Rxg6 Rxh2 46. Kc4 Rh5 47. Kb4 Kc7 48. a6 Kb8 49. Rg7 Ka8 50. Rb7 1/2-1/2

[Event "CZE-chT2A 1617"]
[Site "Czech Republic"]
[Date "2017.02.12"]
[Round "8.4"]
[White "Salac, Jiri"]
[Black "Krejcik, Jiri"]
[Result "1-0"]
[WhiteElo "2082"]
[BlackElo "2151"]
[PlyCount "41"]
[EventDate "2016.10.09"]
[EventType "team-tourn"]
[EventRounds "11"]
[EventCountry "CZE"]
[SourceTitle "EXT 2022"]
[Source "ChessBase"]
[SourceDate "2021.10.06"]
[SourceVersion "1"]
[SourceVersionDate "2021.10.06"]
[SourceQuality "1"]
[WhiteTeam "Pankrac II"]
[BlackTeam "Karlovy Vary Tietz"]
[WhiteTeamCountry "CZE"]
[BlackTeamCountry "CZE"]

1. d4 Nf6 2. Bf4 e6 3. e3 c5 4. c3 Nc6 5. Nd2 Be7 6. Bd3 d5 7. h3 0-0 8. Ngf3 h6 9. 0-0 c4 10. Bc2 b5 11. e4 Bb7 12. Qe2 Re8 13. Rfe1 Nd7 14. exd5 exd5 15. Nf1 Nf8 16. Qd2 Qb6 17. Ne3 Qd8 18. Nf5 Ne6 19. Bxh6 gxh6 20. Qxh6 Bf8 21. Ne7+ 1-0

[Event "CZE-chT1W 1617"]
[Site "Czech Republic"]
[Date "2017.01.22"]
[Round "6.5"]
[White "Salac, Jiri"]
[Black "Marsalek, Zdenek"]
[Result "0-1"]
[WhiteElo "2078"]
[BlackElo "2166"]
[PlyCount "86"]
[EventDate "2016.10.16"]
[EventType "team-tourn"]
[EventRounds "11"]
[EventCountry "CZE"]
[SourceTitle "CBM 177 Extra"]
[Source "ChessBase"]
[SourceDate "2017.04.27"]
[SourceVersion "1"]
[SourceVersionDate "2017.04.27"]
[SourceQuality "1"]
[WhiteTeam "Pankrac"]
[BlackTeam "Turnov Zikuda"]
[WhiteTeamCountry "CZE"]
[BlackTeamCountry "CZE"]

1. d4 d5 2. Bf4 Nf6 3. e3 c5 4. c3 Qb6 5. Qb3 c4 6. Qxb6 axb6 7. Nd2 b5 8. a3 Nc6 9. Rc1 Bf5 10. h3 e6 11. Ngf3 h6 12. Be2 Nd7 13. 0-0 Nb6 14. Bd1 g5 15. Bc7 Na4 16. Bxa4 bxa4 17. Rfe1 Kd7 18. Bg3 f6 19. e4 Bg6 20. Re2 Ra5 21. exd5 exd5 22. Nf1 h5 23. Ne1 Bh6 24. Rd1 Rb5 25. Ne3 Ne7 26. f3 Rc8 27. Bf2 Rc6 28. Rdd2 Rcb6 29. Nd1 Nf5 30. g4 Nh4 31. Bg3 f5 32. Be5 Bf8 33. Kf2 Bf7 34. Nc2 Be6 35. Nce3 Bh6 36. Kg3 f4+ 37. Kf2 fxe3+ 38. Rxe3 Bf7 39. Rde2 Bf8 40. f4 gxf4 41. Bxf4 hxg4 42. hxg4 Rf6 43. Kg3 Ng6 0-1

[Event "CZE-chT2C 1516"]
[Site "Czech Republic"]
[Date "2015.11.08"]
[Round "2.5"]
[White "Prochazka, Jiri1111"]
[Black "Salac, Jiri"]
[Result "1-0"]
[WhiteElo "2136"]
[BlackElo "2098"]
[PlyCount "69"]
[EventDate "2015.10.18"]
[EventType "team-tourn"]
[EventRounds "11"]
[EventCountry "CZE"]
[SourceTitle "EXT 2022"]
[Source "ChessBase"]
[SourceDate "2021.10.06"]
[SourceVersion "1"]
[SourceVersionDate "2021.10.06"]
[SourceQuality "1"]
[WhiteTeam "Praha Vrsovice"]
[BlackTeam "Pankrac II"]
[WhiteTeamCountry "CZE"]
[BlackTeamCountry "CZE"]

1. d4 d5 2. Nf3 c6 3. Bf4 Bf5 4. Nbd2 e6 5. e3 Nf6 6. Ne5 Nbd7 7. g4 Be4 8. f3 Bg6 9. h4 Nxe5 10. dxe5 h5 11. exf6 gxf6 12. Bd3 e5 13. Bg3 Bh6 14. Qe2 Qb6 15. g5 Bg7 16. e4 0-0 17. gxf6 Bxf6 18. 0-0-0 c5 19. c4 d4 20. f4 exf4 21. Bxf4 Rfe8 22. Rdg1 Bg7 23. Rh2 Re6 24. Rhg2 Rae8 25. Nf3 Rxe4 26. Bxe4 Rxe4 27. Qxe4 Bxe4 28. Rxg7+ Kf8 29. Ne5 Ke7 30. Rxf7+ Ke6 31. Rf6+ Kxf6 32. Nd7+ Kf7 33. Nxb6 axb6 34. Bc7 b5 35. cxb5 1-0

[Event "CZE-ch Seniors 60"]
[Site "Rychnov nad Kneznou"]
[Date "2015.08.21"]
[Round "7"]
[White "Portych, Vaclav"]
[Black "Salac, Jiri"]
[Result "0-1"]
[WhiteElo "1890"]
[BlackElo "2128"]
[PlyCount "134"]
[EventDate "2015.08.15"]
[EventType "swiss"]
[EventRounds "9"]
[EventCountry "CZE"]
[SourceTitle "EXT 2016"]
[Source "ChessBase"]
[SourceDate "2015.10.08"]
[SourceVersion "1"]
[SourceVersionDate "2015.10.08"]
[SourceQuality "1"]

1. c4 c6 2. Nf3 Nf6 3. g3 d5 4. cxd5 cxd5 5. Bg2 e6 6. d4 Be7 7. 0-0 0-0 8. b3 Nbd7 9. Ba3 b6 10. Bxe7 Qxe7 11. Nbd2 Bb7 12. Rc1 Rac8 13. Rxc8 Rxc8 14. Qb1 Qa3 15. e3 a5 16. Rd1 Nb8 17. Ne1 Na6 18. Nc2 Qd6 19. Ne1 Qc7 20. Nd3 Qc2 21. Nf1 Nb4 22. Nxb4 axb4 23. Qa1 Ne4 24. Bxe4 dxe4 25. Qb1 f5 26. Qxc2 Rxc2 27. Ra1 Ba6 28. g4 Bxf1 29. Kxf1 fxg4 30. Kg2 Kf7 31. Kg3 h5 32. Kg2 Kf6 33. Kg1 Kg5 34. Kf1 Kh4 35. Kg2 g6 36. a3 Rb2 37. axb4 Rxb3 38. Ra4 Rb2 39. Ra8 Kg5 40. Rd8 Rxb4 41. Rd6 Kf5 42. Rd8 Rb2 43. Rf8+ Kg5 44. Rf4 b5 45. Rxe4 Kf6 46. Re5 b4 47. Rb5 b3 48. Rb6 Kf5 49. Rb5+ Kf6 50. Rb6 Ke7 51. d5 exd5 52. Rxg6 Rc2 53. Rb6 b2 54. Kg3 Kd7 55. Kh4 Rxf2 56. Kxh5 Rg2 57. Kh4 Kc7 58. Rb3 Kc6 59. h3 gxh3 60. Kxh3 Re2 61. Kg4 Kc5 62. Kf3 Rh2 63. Rb8 Kc4 64. Kf4 Kc3 65. Rc8+ Kd2 66. Rb8 Kc1 67. Ke5 Rh5+ 0-1

[Event "CZE-ch Seniors 60"]
[Site "Rychnov nad Kneznou"]
[Date "2015.08.19"]
[Round "5"]
[White "Palla, Rostislav"]
[Black "Salac, Jiri"]
[Result "0-1"]
[WhiteElo "1790"]
[BlackElo "2128"]
[PlyCount "40"]
[EventDate "2015.08.15"]
[EventType "swiss"]
[EventRounds "9"]
[EventCountry "CZE"]
[SourceTitle "EXT 2016"]
[Source "ChessBase"]
[SourceDate "2015.10.08"]
[SourceVersion "1"]
[SourceVersionDate "2015.10.08"]
[SourceQuality "1"]

1. e4 c5 2. Nf3 d6 3. d4 cxd4 4. Nxd4 Nf6 5. Nc3 a6 6. Bg5 e6 7. f4 Be7 8. Qf3 Qc7 9. 0-0-0 Nbd7 10. Bxf6 Nxf6 11. g4 b5 12. g5 Nd7 13. f5 Bxg5+ 14. Kb1 Nc5 15. Bh3 b4 16. Qh5 Bf6 17. Nce2 e5 18. Nb3 Nxe4 19. Bg2 Bb7 20. Bxe4 Bxe4 0-1

[Event "Prague Pankrac Cup"]
[Site "Prague"]
[Date "2014.10.21"]
[Round "6"]
[White "Salac, Jiri"]
[Black "Matras, Ondrej"]
[Result "1/2-1/2"]
[WhiteElo "2120"]
[BlackElo "2210"]
[PlyCount "123"]
[EventDate "2014.09.16"]
[EventType "swiss"]
[EventRounds "8"]
[EventCountry "CZE"]
[SourceTitle "EXT 2015"]
[Source "ChessBase"]
[SourceDate "2014.11.20"]
[SourceVersion "1"]
[SourceVersionDate "2014.11.20"]
[SourceQuality "1"]

1. d4 d5 2. c3 Nf6 3. Bf4 Bf5 4. e3 e6 5. Nf3 Bd6 6. Nbd2 0-0 7. Bg3 c5 8. Bxd6 Qxd6 9. Ne5 h6 10. Be2 Nc6 11. f4 Ne4 12. 0-0 Nxd2 13. Qxd2 Be4 14. dxc5 Qc7 15. Nxc6 Qxc6 16. b4 d4 17. exd4 Bxg2 18. Rf2 Be4 19. Qe3 Rad8 20. a4 Qd5 21. Bf1 Qf5 22. Re1 Bd5 23. Bd3 Qg4+ 24. Qg3 Qh5 25. f5 Rfe8 26. Bb5 Bc6 27. Be2 Qg5 28. Qxg5 hxg5 29. Bc4 Bd5 30. Bxd5 Rxd5 31. fxe6 fxe6 32. Re4 Re7 33. Kg2 b6 34. Kg3 bxc5 35. bxc5 a5 36. Rfe2 Rf5 37. Rxe6 Ref7 38. R2e3 Rf1 39. c6 Rg1+ 40. Kh3 Rf4 41. R6e4 Rf6 42. Rg3 Rxg3+ 43. hxg3 Rxc6 44. Re5 Rxc3 45. Rxa5 Rc4 46. d5 Rd4 47. d6 Rxd6 48. Rxg5 Rd4 49. Rg4 Rd2 50. Rf4 Kh7 51. Kg4 Kg6 52. Rc4 Ra2 53. Kf4 Ra1 54. g4 Rf1+ 55. Ke5 Kg5 56. Kd5 Kh4 57. Kc6 g5 58. a5 Ra1 59. Kb6 Rb1+ 60. Ka7 Rf1 61. a6 Rf4 62. Rc7 1/2-1/2

[Event "Prague Pankrac Cup"]
[Site "Prague"]
[Date "2014.10.07"]
[Round "4"]
[White "Haba, Zdenek"]
[Black "Salac, Jiri"]
[Result "1-0"]
[WhiteElo "2269"]
[BlackElo "2120"]
[PlyCount "84"]
[EventDate "2014.09.16"]
[EventType "swiss"]
[EventRounds "8"]
[EventCountry "CZE"]
[SourceTitle "EXT 2015"]
[Source "ChessBase"]
[SourceDate "2014.11.20"]
[SourceVersion "1"]
[SourceVersionDate "2014.11.20"]
[SourceQuality "1"]

1. e4 c5 2. Nf3 d6 3. d4 cxd4 4. Nxd4 Nf6 5. Nc3 a6 6. Bg5 e6 7. f4 Be7 8. Qf3 Qc7 9. 0-0-0 Nbd7 10. g4 b5 11. Bxf6 Nxf6 12. g5 Nd7 13. f5 Nc5 14. f6 gxf6 15. gxf6 Bf8 16. Rg1 Bd7 17. e5 Rb8 18. exd6 Bxd6 19. Kb1 b4 20. Ne4 Be5 21. Nxc5 Qxc5 22. Rg5 h6 23. Nb3 Qc7 24. Rg7 Bc6 25. Qf2 Be4 26. Bd3 Rd8 27. Rdg1 Bxd3 28. cxd3 Rc8 29. Rc1 Qd8 30. Rxc8 Qxc8 31. d4 Bd6 32. Rg1 Qc6 33. Rc1 Qe4+ 34. Ka1 Kd7 35. Nc5+ Bxc5 36. dxc5 Rg8 37. c6+ Kd6 38. Qc5+ Kc7 39. Qa7+ Kd6 40. Qc5+ Kc7 41. Qe7+ Kb6 42. Qb7+ Ka5 1-0

[Event "Prague Pankrac Cup"]
[Site "Prague"]
[Date "2013.10.29"]
[Round "8"]
[White "Salac, Jiri"]
[Black "Prochazka, Dalibor"]
[Result "1-0"]
[WhiteElo "2119"]
[BlackElo "2202"]
[PlyCount "91"]
[EventDate "2013.09.10"]
[EventType "swiss"]
[EventRounds "8"]
[EventCountry "CZE"]
[SourceTitle "EXT 2014"]
[Source "ChessBase"]
[SourceDate "2013.11.20"]
[SourceVersion "1"]
[SourceVersionDate "2013.11.20"]
[SourceQuality "1"]

1. d4 g6 2. Bf4 d6 3. Nc3 Nd7 4. e4 Bg7 5. Nf3 c5 6. d5 a6 7. a4 Ngf6 8. Qd2 Qb6 9. Bd3 Nh5 10. Nd1 Nxf4 11. Qxf4 Bxb2 12. Nxb2 Qxb2 13. 0-0 Qf6 14. Qh6 Rg8 15. Rfe1 Ne5 16. Nxe5 Qxe5 17. Qe3 g5 18. Rab1 h5 19. Qg3 Qxg3 20. hxg3 e5 21. dxe6 fxe6 22. f4 Kd8 23. Rb6 Kc7 24. Reb1 Ra7 25. e5 d5 26. c4 Bd7 27. Rd6 gxf4 28. gxf4 Rg3 29. Be2 h4 30. cxd5 exd5 31. Bf3 Bxa4 32. Bxd5 Bc6 33. Bxc6 bxc6 34. Rh6 Rd3 35. e6 Kd6 36. e7+ Kd7 37. e8Q+ Kxe8 38. Rh8+ Kd7 39. Rh7+ Kd6 40. Rxa7 c4 41. Rxa6 c3 42. Rbb6 Kd5 43. Rxc6 Ke4 44. Rc4+ Kf5 45. Ra5+ Kg4 46. Rg5# 1-0